000 00471nam a2200193Ia 4500
003 LK-CoDNM
005 20240323141654.0
008 010623t1954 xxu||||| |||| 00| 1 sin d
040 _aLK-CoDNM
_dLK-CoDNM
_eLK-CoDNM
041 _asin
080 _aගි8
100 _aAtigala,Dita
245 _aසිරිලිය
246 _aSiriliya
260 _bSri Dharmaraja press
_aKaduvela
_c1954
300 _bDamaged
_a16p.,21cm
650 _aPoetry
942 _cBK
999 _c103733
_d103733